00330nam a2200133Ia 450000500170000000800410001702000150005808200130007310000140008624500210010026000450012130000120016665000180017820250324014827.0240331s9999 xx 000 0 und d a9559596004 bWEHa891 aWehalla,V 0aSihina acadamiya aNugegodabPiyasiri printing systemc1996 a88 p ., aShort Stories